雅語雅文─東方白台語文選 <錄音帶>
| 資料類型: | 圖書 | 書目號: | 32376 |
Leader xxxxxxxxxx 001 __ PCLIS00032376 005 __ 19960123204314.0 008 __ chi 010 0_ |a|b|d 100 __ |a19951103d1995 y0chiy0109 e. 101 0_ |achi. 102 __ |acw. 105 __ |az z 000yy. 200 1_ |a雅語雅文─東方白台語文選 <錄音帶>|e|f陳德利聲音演出 205 __ |a 210 __ |a台北市|c前衛|d1995. 215 0_ |a5卷錄音帶|c|d 225 2_ |a台語文學叢書|v4. 260 1_ |a1995. 410 _0 |12001 |a台語文學叢書|v4. 681 __ |a855 700 _1 |a陳|b德利|f1938-|4聲音演出 702 __ |a|b|4 801 _0 |acw|b清大|c19951103. 856 __ |uhttp://www.avanguard.com.tw/|z前衛出版社|2http |